| 000 | 00000nam 2200000za 4500 |
| 001 | 9.581638 |
| 003 | CaOODSP |
| 005 | 20221107134109 |
| 007 | cr ||||||||||| |
| 008 | 150406s1991||||xxc|||||o f001 0 eng d |
| 020 | |z0-662-18325-8 |
| 040 | |aCaOODSP|beng |
| 041 | |aeng|bfre |
| 043 | |an-cn--- |
| 086 | 1 |aA54-8/1991-2E-PDF|zA54-8/1991-2E |
| 100 | 1 |aFahmy, M. H. |
| 245 | 10|aResearch with Finnsheep in Canada |h[electronic resource] / |cM.H. Fahmy. |
| 260 | |aLennoxville, Québec : |bResearch Branch, Agriculture Canada, |c1991. |
| 490 | 1 |aTechnical bulletin ; |v1991-2E |
| 500 | |aHistorical publication digitized by Agriculture and Agri-Food Canada. |
| 500 | |aIssued also in French under title: Étude de la race ovine Finnoise au Canada. |
| 504 | |aIncludes bibliographical references and indexes. |
| 546 | |aIncludes abstract in French. |
| 590 | |a15-05-Supp|b2015-03-31 |
| 690 | 07|aSheep|2gcpds |
| 710 | 1 |aCanada.|bAgriculture Canada.|bResearch Branch. |
| 775 | 08|tÉtude de la race ovine Finnoise au Canada |w(CaOODSP)9.608404 |
| 776 | 0#|tResearch with Finnsheep in Canada / |w(CaOODSP)9.609295 |
| 830 | #0|aTechnical bulletin (Canada. Agriculture Canada. Research Branch)|v1991-2E|w(CaOODSP)9.805655 |
| 856 | 40|ahttp://publications.gc.ca|qPDF|s3.47 MB|uhttps://publications.gc.ca/collections/collection_2015/aac-aafc/A54-8-1991-2-eng.pdf|y1991-2E |